| 000 | 00376nam a22001457a 4500 | ||
|---|---|---|---|
| 003 | NUST - PNEC | ||
| 005 | 20170116181100.0 | ||
| 008 | 151002b xxu||||| |||| 00| 0 eng d | ||
| 040 | _cLIBRARY | ||
| 082 | _a621.437 GHE | ||
| 100 |
_912352 _aGhenis, B. |
||
| 245 |
_aCylindrical grinding practice _cGhenis, B. |
||
| 650 |
_912349 _bMechanical enginering _xME |
||
| 942 |
_2ddc _cBK |
||
| 999 |
_c68733 _d68733 |
||